<?xml version="1.0" encoding="UTF-8"?>
<record
    xmlns:xsi="http://www.w3.org/2001/XMLSchema-instance"
    xsi:schemaLocation="http://www.loc.gov/MARC21/slim http://www.loc.gov/standards/marcxml/schema/MARC21slim.xsd"
    xmlns="http://www.loc.gov/MARC21/slim">

  <leader>01229nam a22002897i 4500</leader>
  <datafield tag="999" ind1=" " ind2=" ">
    <subfield code="c">23283</subfield>
    <subfield code="d">23283</subfield>
  </datafield>
  <controlfield tag="003">AR-CdUCM</controlfield>
  <controlfield tag="008">250425b20182018 pe||||| |||| 00| 0 spa d</controlfield>
  <datafield tag="040" ind1=" " ind2=" ">
    <subfield code="a">MUNICIPALIDAD PROVINCIAL DEL CUSCO</subfield>
    <subfield code="c">BIBLIOTECA MUNICIPAL DEL CUSCO</subfield>
  </datafield>
  <datafield tag="082" ind1=" " ind2=" ">
    <subfield code="a">EP / 370 / O47</subfield>
    <subfield code="b">O47</subfield>
  </datafield>
  <datafield tag="100" ind1=" " ind2=" ">
    <subfield code="a">Ollachica Mendoza, Carmen Rosa</subfield>
  </datafield>
  <datafield tag="245" ind1=" " ind2=" ">
    <subfield code="a">La Sabidur&#xED;a de la Naturaleza :</subfield>
    <subfield code="b">Se&#xF1;as y secretos de un mundo vivo /</subfield>
  </datafield>
  <datafield tag="260" ind1=" " ind2=" ">
    <subfield code="a">Cusco :</subfield>
    <subfield code="b">CEPROSI - Centro de Promoci&#xF3;n de Sabidur&#xED;as Interculturales</subfield>
    <subfield code="c">2018</subfield>
  </datafield>
  <datafield tag="300" ind1=" " ind2=" ">
    <subfield code="a">85 p&#xE1;ginas. :</subfield>
    <subfield code="b">Ilustraciones</subfield>
    <subfield code="c">30x21 cm.</subfield>
  </datafield>
  <datafield tag="505" ind1=" " ind2=" ">
    <subfield code="a">Se&#xF1;as de la naturaleza -- Se&#xF1;as biol&#xF3;gicas -- Se&#xF1;as de plantas -- Se&#xF1;as de animales -- Se&#xF1;as de fen&#xF3;menos meteorol&#xF3;gicos y astros -- Secretos para la crianza de la chacra</subfield>
  </datafield>
  <datafield tag="650" ind1=" " ind2=" ">
    <subfield code="a">Se&#xF1;as de plantas</subfield>
    <subfield code="9">51155</subfield>
  </datafield>
  <datafield tag="650" ind1=" " ind2=" ">
    <subfield code="a">Se&#xF1;as de animales</subfield>
    <subfield code="9">51156</subfield>
  </datafield>
  <datafield tag="650" ind1=" " ind2=" ">
    <subfield code="a">Sala infantes</subfield>
    <subfield code="9">51157</subfield>
  </datafield>
  <datafield tag="700" ind1=" " ind2=" ">
    <subfield code="a">Layme Narv&#xE1;ez, Br&#xED;gida</subfield>
    <subfield code="9">51158</subfield>
  </datafield>
  <datafield tag="700" ind1=" " ind2=" ">
    <subfield code="a">Huarca Vargas, Petronila</subfield>
    <subfield code="9">51159</subfield>
  </datafield>
  <datafield tag="700" ind1=" " ind2=" ">
    <subfield code="a">Soto Meza, Justina</subfield>
    <subfield code="9">51160</subfield>
  </datafield>
  <datafield tag="700" ind1=" " ind2=" ">
    <subfield code="a">Paucar Tayro, Berna Lucia </subfield>
    <subfield code="9">51161</subfield>
  </datafield>
  <datafield tag="700" ind1=" " ind2=" ">
    <subfield code="a">Condori Vel&#xE1;squez, Te&#xF3;fila </subfield>
    <subfield code="9">51162</subfield>
  </datafield>
  <datafield tag="700" ind1=" " ind2=" ">
    <subfield code="a">Montufar Y&#xE9;pez Nancy Zunilda</subfield>
    <subfield code="9">51163</subfield>
  </datafield>
  <datafield tag="942" ind1=" " ind2=" ">
    <subfield code="2">ddc</subfield>
    <subfield code="c">LIBROS</subfield>
  </datafield>
  <datafield tag="945" ind1=" " ind2=" ">
    <subfield code="a">pbjr</subfield>
    <subfield code="d">25-04-2025</subfield>
  </datafield>
  <datafield tag="952" ind1=" " ind2=" ">
    <subfield code="0">0</subfield>
    <subfield code="2">ddc</subfield>
    <subfield code="4">0</subfield>
    <subfield code="7">0</subfield>
    <subfield code="a">SI</subfield>
    <subfield code="b">SI</subfield>
    <subfield code="c">CART</subfield>
    <subfield code="d">2025-04-25</subfield>
    <subfield code="e">Donaci&#xF3;n</subfield>
    <subfield code="g">10.00</subfield>
    <subfield code="o">EP / 370 / O47 </subfield>
    <subfield code="p">SI00005020</subfield>
    <subfield code="r">2025-04-25</subfield>
    <subfield code="y">LIBROS</subfield>
  </datafield>
</record>
